Pays par arme figurant sur son drapeau - Statistiques

Statistiques générales
  • Ce quiz a été pris 40 fois
  • Le résultat moyen est 6 sur 14
Statistiques - réponses
Hint Réponse % Correct
AK-47 Mozambique
85%
Trident Barbade
74%
Sabre Arabie Saoudite
64%
Assegais (à la verticale (croisées)) Kenya
56%
Machette Angola
51%
Assegais (à l'horizontale (non croisées)) Eswatini
38%
Haches et scie Belize
36%
Fusils à silex et sabres Guatemala
36%
Fusils à silex et canons Haïti
36%
Sabres et Khanjar Oman
36%
Hache Équateur
28%
Kastane Sri Lanka
28%
Lances République Dominicaine
26%
Épée Malte
21%
Aucun quiz correspondant
Distribution des résultats
% des personnes avec chaque résultat
Percentile par nombre de réponses
Votre historique - résultats
Vous n’avez pas pris ce quiz